Statistical statements relating to co-operative movement in India 1971 - 72 (Record no. 360777)

MARC details
000 -LEADER
fixed length control field 004300000a22001570004500
060 ## - NATIONAL LIBRARY OF MEDICINE CALL NUMBER
Classification number 100
082 ## - DEWEY DECIMAL CLASSIFICATION NUMBER
Classification number 334.021.2 STA.02.2
245 ## - TITLE STATEMENT
Title Statistical statements relating to co-operative movement in India 1971 - 72
260 ## - PUBLICATION, DISTRIBUTION, ETC. (IMPRINT)
Place of publication, distribution, etc. RBI
260 ## - PUBLICATION, DISTRIBUTION, ETC. (IMPRINT)
Date of publication, distribution, etc. 1972
300 ## - PHYSICAL DESCRIPTION
Extent 282
310 ## - CURRENT PUBLICATION FREQUENCY
Current publication frequency RBI
490 ## - SERIES STATEMENT
Series statement Non crdit societies part II
650 ## - SUBJECT ADDED ENTRY--TOPICAL TERM
Topical term or geographic name as entry element Co - operative/ banking/ marketing/ loan/ statistical statements
942 ## - ADDED ENTRY ELEMENTS (KOHA)
Koha item type Books (General)
Holdings
Withdrawn status Lost status Damaged status Not for loan Collection code Home library Current library Shelving location Date acquired Total Checkouts Full call number Barcode Date last seen Price effective from Koha item type
        Malayalam College of Agriculture, Vellayani College of Agriculture, Vellayani   02/05/2014   334.021.2 STA.02.2 KAU_COAV-13864 02/05/2014 12/05/2022 Books (General)
Kerala Agricultural University Central Library
Thrissur-(Dt.), Kerala Pin:- 680656, India
Ph : (+91)(487) 2372219
E-mail: librarian@kau.in
Website: http://library.kau.in/